| 000 | 00428 a2200145 4500 | ||
|---|---|---|---|
| 999 |
_c533 _d533 |
||
| 020 | _a9780435317201 | ||
| 050 | _aDA530 PEA 1982 | ||
| 100 |
_aPeacock, Herbert Leonard _eAuthor |
||
| 245 |
_aA history of modern Europe 1789-1981 / _c Herbert L. Peacock |
||
| 264 |
_aHarlow : _bHeinemann Educational , _c1982 |
||
| 300 | _axi,506p. | ||
| 500 | _aIncludes index | ||
| 650 |
_aEurope _xHistory |
||
| 942 |
_2lcc _cBK _e7th ed. _h530 _iPEA _kDA |
||